000 00366nam a2200145Ia 4500
008 150201s1967 xx 000 0 und d
082 _a611
_bN1967P
100 _aPROUDFIT
245 _aNORMAN & THERAPEUTICS NUTRITION
250 _a13TH
260 _bOXFORD UNIVERSITY PRESS
_aOXFORD (LONDON)
_c1967
300 _a1-891
650 _aBIOCHEMISTRY
942 _2ddc
_cBK
999 _c3244
_d3244